000
00402nam a22001697a 4500
003
MPLRDC
005
20220104142533.0
008
210129b ||||| |||| 00| 0 eng d
082
_a
870.57 SCF
100
_a
施翠峰编译
245
_a
世界文学选集. 三
_c
250
_a
再版
260
_a
_b
东方出版社
_c
1964
300
_b
平
650
_a
英文小说
942
_c
BK
_o
870.57 SCF
999
_c
31683
_d
31673